Statistics for Countries with the highest consumption of Coffee (per capita)

Click here to take the quiz!

General Stats

  • This quiz has been taken 120 times
  • The average score is 13 of 17

Answer Stats

Hint Answer % Correct
Avg. 2.3 cups/dayItaly
94%
Avg. 2.1 cups/dayFrance
93%
Avg. 2.2 cups/dayGermany
92%
Avg. 3.2 cups/daySweden
86%
Avg. 4.7 cups/dayFinland
86%
Avg. 3.4 cups/dayDenmark
85%
Avg. 2.5 cups/dayCanada
85%
Avg. 3.9 cups/dayNorway
84%
Avg. 3.3 cups/dayNetherlands
83%
Avg. 2.3 cups/dayBrazil
81%
Avg. 2.7 cups/dayBelgium
79%
Avg. 2.4 cups/dayAustria
78%
Avg. 3.5 cups/dayIceland
76%
Avg. 3.1 cups/daySwitzerland
72%
Avg. 2.2 cups/dayGreece
72%
Avg. 2.3 cups/daySlovenia
42%
Avg. 2.4 cups/dayBosnia and Herzegovina
29%

Score Distribution

Percentile by Number Answered

Percent of People with Each Score

Your Score History

You have not taken this quiz